000 00714nam a2200241 a 4500
005 20140310183415.0
008 070910s19uu xx 00 eng d
020 _a9789812596505
020 _a0721603475
020 _a9780721603476
020 _a981259650x
050 _aRT 55
_b.Si39 2006
100 _aSilvestri, Linda Anne
245 _aSaunders comprehensive review for the NCLEX-RN examination /
_cSilvestri, Linda Anne
250 _a3rd ed.
260 _aU.S.A :
_bElsevier Saunders,
_c2006.
300 _a1240 p. :
_bill. ;
_c25 cm.
521 _aNUR
650 _aNursing
_xExaminations, questions, etc.
650 _aNursing
_xexamination, question.
942 _cBK
_2lcc
_kFOR
999 _c22561
_d22561